Başkalarının kokusu / (Record no. 200427100)

MARC details
000 -LEADER
fixed length control field 00773nam a2200277Ia 4500
003 - CONTROL NUMBER IDENTIFIER
control field OCoLC
005 - DATE AND TIME OF LATEST TRANSACTION
control field 20190322123610.0
008 - FIXED-LENGTH DATA ELEMENTS--GENERAL INFORMATION
fixed length control field 070424s2005 tu 000 1 tur
020 ## - INTERNATIONAL STANDARD BOOK NUMBER
International Standard Book Number 9753482027
040 ## - CATALOGING SOURCE
Original cataloging agency GAZIU
Language of cataloging eng
Transcribing agency TR-AnTOB
Modifying agency TR-AnTOB
Description conventions rda
041 ## - LANGUAGE CODE
Language code of text/sound track or separate title Türkçe
050 0# - LIBRARY OF CONGRESS CALL NUMBER
Classification number PL248
090 ## - LOCALLY ASSIGNED LC-TYPE CALL NUMBER (OCLC); LOCAL CALL NUMBER (RLIN)
Classification number (OCLC) (R) ; Classification number, CALL (RLIN) (NR) PL248.P39
Local cutter number (OCLC) ; Book number/undivided call number, CALL (RLIN) B37 2005
100 1# - MAIN ENTRY--PERSONAL NAME
Personal name Perker, Aslı E.
Relator term author
245 10 - TITLE STATEMENT
Title Başkalarının kokusu /
Statement of responsibility, etc. by Aslı E. Perker.
250 ## - EDITION STATEMENT
Edition statement 1st edition.
264 ## - PRODUCTION, PUBLICATION, DISTRIBUTION, MANUFACTURE, AND COPYRIGHT NOTICE
Place of production, publication, distribution, manufacture İstanbul :
Name of producer, publisher, distributor, manufacturer Çınar Yayınları,
Date of production, publication, distribution, manufacture, or copyright notice 2005.
300 ## - PHYSICAL DESCRIPTION
Extent 263 pages ;
Dimensions 20 cm
336 ## - CONTENT TYPE
Content type term text
Source rdacontent
337 ## - MEDIA TYPE
Media type term unmediated
Source rdamedia
338 ## - CARRIER TYPE
Carrier type term volume
Source rdacarrier
650 #0 - SUBJECT ADDED ENTRY--TOPICAL TERM
Topical term or geographic name entry element Öyküler, Türk.
Topical term or geographic name entry element Short stories, Turkish.
942 ## - ADDED ENTRY ELEMENTS (KOHA)
Source of classification or shelving scheme Library of Congress Classification
Koha item type Book
Holdings
Withdrawn status Lost status Source of classification or shelving scheme Not for loan Collection code Home library Current library Shelving location Date acquired Source of acquisition Cost, normal purchase price Inventory number Total Checkouts Full call number Barcode Date last seen Copy number Date shelved Koha item type
    Library of Congress Classification Ödünç Verilebilir / Available Genel Koleksiyon Merkez Kütüphane Merkez Kütüphane Genel Koleksiyon / Main Collection 31/07/2017 Satın Alma / Purchase 13.00 TDE   PL248.P39 B37 2005 0054743 06/08/2017 1 06/08/2017 Book
Devinim Yazılım Eğitim Danışmanlık tarafından Koha'nın orjinal sürümü uyarlanarak geliştirilip kurulmuştur.